|
|
|
|
| LEADER |
01228nam a2200289 4500 |
| 001 |
10113917 |
| 003 |
upatras |
| 005 |
20210117205134.0 |
| 008 |
140912s1982 us eng |
| 020 |
|
|
|a 0890045801
|
| 040 |
|
|
|a GR-PaULI
|e AACR2
|c GR-PaULI
|
| 041 |
0 |
|
|a eng
|
| 082 |
0 |
4 |
|a 612.1
|
| 245 |
1 |
0 |
|a Prostaglandins and the cardiovascular system
|c ; editors John A. Oates
|
| 260 |
|
|
|a New York
|b Raven Press
|c 1982
|
| 300 |
|
|
|a xi, 388 σ.
|b εικ.
|c 25 εκ.
|
| 490 |
1 |
|
|a Advances in prostaglandin, thromboxane and leukotriene research
|v 10
|
| 504 |
|
|
|a Περιέχει βιβλιογραφικές αναφορές και ευρετήριο
|
| 650 |
|
4 |
|a Ένζυμα
|9 5210
|
| 650 |
|
4 |
|a Καρδιαγγειακό σύστημα
|9 32032
|
| 700 |
1 |
|
|a Oates, John A.
|d 1932-
|4 edt
|9 140518
|
| 760 |
1 |
|
|a Advances in prostaglandin, thromboxane and leukotriene research
|g 10
|
| 852 |
|
|
|a GR-PaULI
|b ΠΑΤΡΑ
|b ΒΚΠ
|b ΒΣ1
|k ΑΣΧΞ
|h 612.1 PRO
|m 07340
|p 025000235025
|t 1
|
| 942 |
|
|
|2 ddc
|c BK15
|
| 952 |
|
|
|0 0
|1 0
|4 0
|6 612_100000000000000_PRO
|7 0
|9 169867
|a LISP
|b LISP
|c BSC
|d 2016-04-24
|i 07340
|l 0
|o 612.1 PRO
|p 025000235025
|r 2016-04-24 00:00:00
|t 1
|w 2016-04-24
|y BK15
|
| 998 |
|
|
|c ΜΠΟΥΡΑΣ
|d 2014-09
|
| 999 |
|
|
|c 106292
|d 106292
|